ČVTS u třebíčských nábytkářů

Bibliographic Details
Main Author: (do) (Author)
Format: Article
Language:Czech

MARC

LEADER 00000nab a2200000uu 4500
001 vtls011448416
003 SK-MaSNL
005 20260303151346.0
008 230222|1976 xo |||||||||||||||||cze|
015 |a SNBRB 
035 |a (urnnbn)urn:nbn:sk:snk:ar-005eqo 
035 |a (uuid)84081194-a8ac-4be4-b940-fd197ca24701 
035 |a urn:nbn:sk:snk-abcl2f 
040 |a SNKBUCL  |b slo  |c SNKBUCL  |e AACR2 
041 0 |a cze 
044 |a xo  |c SK 
100 1 |a (do)  |4 aut  |9 859804 
245 1 0 |a ČVTS u třebíčských nábytkářů  |c (Do{Rpara} 
773 0 |t Technická práca : časopis Ústřední rady Čs. vědecko-technické společnosti  |g Roč. 28, č. 8 (1976), s. 63 
958 |a OND 
958 |a EUIPO 
958 |a article16 
999 |c 2017308  |d 2019238